000 00724nam a2200229 i 4500
001 141619
003 ES-MaACL
005 20260701143608.0
007 t|
008 070926s1977 sp |||| |dspa d
020 _a84-01-81029-9
080 _a821.133.1-14"14"
100 0 _aVillon, François,
_d1431-ca. 1463
_9115268
245 1 0 _aPoemas /
_cFrançois Villon ; versión de Mercedes Lloret.
260 _a[Barcelona] :
_bPlaza & Janés,
_c[1977]
300 _a224 p. ;
_c19 cm.
546 _aTexto bilingüe; en francés y español.
700 1 _aLloret Compte, Mercedes.
_972922
852 _aES-MaACL
_jA-6597
852 _aES-MaACL
_jL-30730
_z- enc. cart.
_z. - Donat. Miguel A. Velasco
999 _c141619
_d141619